Possible Texas Hold 'Em Hands Quiz Stats

 Plays Quiz not verified by Sporcle

Score 0/10 Timer 02:00
0 Plays Today
Hand % Correct
High Card
96.4%
Flush
82.1%
Royal Flush
80.4%
Two Pair
78.6%
Three of a kind
78.6%
Straight
78.6%
Full House
76.8%
Four of a kind
75%
Straight Flush
73.2%
One Pair
66.1%

You're not logged in!

Compare scores with friends on all Sporcle quizzes.
OR
Log In

Show Comments

Extras

Created Feb 15, 2012ReportNominate
Tags:hand, hold, tea

Top Quizzes Today


Score Distribution

Your Account Isn't Verified!

In order to create a playlist on Sporcle, you need to verify the email address you used during registration. Go to your Sporcle Settings to finish the process.

Report this User

Report this user for behavior that violates our Community Guidelines.

Details: